• 首页
  • 本馆介绍
  • 公告通知
  • 最新文献
  • 馆藏检索
  • 电子资源
  • 读者导购
  • 参考咨询
  • 我的图书馆
  • 登录
  • 详细信息显示
  • 放入我的书架
  • 预约/预借图书
  • 作者相关作品
  • 分类相关作品
  • 丛书相关作品
  • 出版社相关作品

书目信息

  • 表格格式
  • 工作单格式
  • 卡片格式
题名:
认知心理学
    
 
作者: 罗伯特
分册:  
出版信息: 北京   北京大学出版社  
页数: 256
开本: 19cm
丛书名: 培文书系心理学系列
单 册:
中图分类: C03
科图分类:
主题词: 社会科学--科学方法论
电子资源:
ISBN: 7-301-08525-7
000 00573nam0 2200217 450
001 0757995392
005 20071007160635.39
010    @a7-301-08525-7
100    @a20071007d km y0chiy0120 ea
101 0  @achi
200 1  @a认知心理学@Aren zhi xin li xue@f罗伯特@Fluo bo te
205    @a第7版
210    @a北京@c北京大学出版社
215    @a256@d19cm
225 2  @a培文书系心理学系列
410  0 @12001 @a培文书系心理学系列
606 0  @a社会科学@x科学方法论
690    @aC03@v3
701  0 @a罗伯特@Aluo bo te
801  0 @aCN@bPFT@c20071007
905    @a213230@dC03@ea1@f1
    
    认知心理学/罗伯特.-第7版.-北京:北京大学出版社
    256;19cm.-(培文书系心理学系列)
    
    
    ISBN 7-301-08525-7:
    
●
相关链接 在E读中查询图书 在五车中查询图书 在当当中查询图书 在豆瓣中查询图书


正题名:认知心理学     索取号:C03/a1         预约/预借

序号 登录号 条形码 馆藏地/架位号 状态 备注
1 7507364   275073643   史法系资料室/ [索取号:C03/a1] 在馆    
唐山师范学院图书馆 欢迎您!
大连网信软件有限公司© 版权所有